000 01356nam a2200385 i 4500
001 13619
003 KOSZ 005
005 20221215134147.0
008 070608s1971 pl a f f 000 0 pol
015 _aPB 1971/3410
040 _aWA N
_cWA N
_dKOSZ 005/RW
080 _a658.5
080 _a62
080 _a331.024.3
100 1 _aKrawiec, Franciszek
_eAutor
245 1 0 _aWpływ czynników osobowych na wydajność pracy robotników w przemyśle /
_cFranciszek Krawiec.
260 _aWarszawa :
_bPaństwowe Wydawnictwo Ekonomiczne,
_c1971.
300 _a229, [3] stron, [1] karta tablic :
_bilustracje ;
_c23 cm.
336 _aTekst
_btxt
_2rdacontent
337 _aBez urządzenia pośredniczącego
_bn
_2rdamedia
338 _aWolumin
_bnc
_2rdacarrier
380 _aKsiążki.
504 _aBibliografia na stronach 225-[230].
650 4 _aPsychologia pracy
650 4 _aOrganizacja
650 4 _aPrzemysł
650 4 _aFizjologia
650 4 _aProduktywność pracy
650 4 _aPraca fizyczna
658 _aSocjologia i społeczeństwo
658 _aZarządzanie i marketing
710 2 _aPaństwowe Wydawnictwo Ekonomiczne
_4pbl.
856 _uhttp://koha.tu.koszalin.pl/cgi-bin/koha/opac-detail.pl?biblionumber=13619
_yKatalog online BPK
942 _2UKD
_cKS
999 _c13619
_d13619